LIBRARY & INFORMATION CENTRE, KCAET, TAVANUR

ONLINE PUBLIC ACCESS CATALOGUE (OPAC)

Apni chaya / (Record no. 8038)

MARC details
000 -LEADER
fixed length control field 00433cam a2200193ua 4500
041 ## - LANGUAGE CODE
Language code of text/sound track or separate title hin
082 ## - DEWEY DECIMAL CLASSIFICATION NUMBER
Classification number 891.54
Item number VEI/AP
100 ## - MAIN ENTRY--AUTHOR NAME
Personal name Wild, Oscar .
245 ## - TITLE STATEMENT
Title Apni chaya /
250 ## - EDITION STATEMENT
Edition statement 2 /
260 ## - PUBLICATION, DISTRIBUTION, ETC. (IMPRINT)
Place of publication :
Name of publisher Rajpal and Sanch ,
Year of publication 1958.
300 ## - PHYSICAL DESCRIPTION
Number of Pages 291 ; .
942 ## - ADDED ENTRY ELEMENTS (KOHA)
Koha item type Books
Holdings
Withdrawn status Lost status Damaged status Home library Current library Date acquired Full call number Accession Number Koha item type Public note
Withdrawn     KAUAET Malayalam University 07/04/2012 891.54 6320 Books Transferred to Malayalam University
Withdrawn     KAUAET Sanskrit University 07/04/2012 891.54 2231 Books  
free website counter